[Event "Verbandsliga MVP 2013-14"]
[Site "MVP"]
[Date "2014.01.19"]
[Round "5.1"]
[White "Hornych, Christoph"]
[Black "Mehl, Ronald"]
[Result "1-0"]
[WhiteElo "2061"]
[BlackElo "2081"]
[PlyCount "84"]
[EventDate "2013.??.??"]
[EventType "team-tourn"]
[EventRounds "9"]
[EventCountry "GER"]
[SourceDate "2013.10.20"]
[WhiteTeam "SF Ostsee Warnemünde"]
[BlackTeam "FHSG Stralsund"]
[WhiteTeamCountry "GER"]
[BlackTeamCountry "GER"]

1. e4 c5 2. Nf3 e6 3. c4 Qc7 4. Nc3 a6 5. Be2 d6 6. O-O Nf6 7. d4 cxd4 8. Nxd4
b6 9. Be3 Bb7 10. f3 Nbd7 11. Rc1 Be7 12. Qd2 O-O 13. Rfd1 Rac8 14. b4 Rfd8 15.
a3 Qb8 16. Nb3 Bc6 17. Bf1 Ne5 18. Qf2 Be8 19. Nd2 b5 20. cxb5 axb5 21. h3 Nc4
22. Bxc4 bxc4 23. b5 d5 24. exd5 exd5 (24... Nxd5 $1 $19) 25. Bd4 Bxa3 26. Rb1
Qf4 (26... Nh5) 27. Nf1 Qd6 28. Ne3 Bc5 29. Nf5 Bxd4 30. Qxd4 Qc5 31. b6 Qxd4+
32. Rxd4 Rb8 33. Nxd5 Kf8 $2 (33... Nxd5 34. Rxd5 Rxd5 35. Ne7+ Kf8 36. Nxd5
Bc6 37. Ne3 c3 38. Kf2 (38. Rb3 c2 39. Nxc2 Ba4) 38... Ke7 39. Ke2 Rd8 $11) 34.
Nxf6 Rxd4 35. Nxh7+ Kg8 36. Nf6+ gxf6 37. Nxd4 Bd7 38. Kf2 Kf8 39. Ke3 Ke7 40.
Ne2 Bf5 41. Rb4 Bd3 42. Nf4 Bf5 1-0

[Event "Verbandsliga MVP 2013-14"]
[Site "MVP"]
[Date "2014.01.19"]
[Round "5.2"]
[White "Hubert, Peter"]
[Black "Schumacher, Dirk"]
[Result "1/2-1/2"]
[WhiteElo "1992"]
[BlackElo "2000"]
[PlyCount "54"]
[EventDate "2013.??.??"]
[EventType "team-tourn"]
[EventRounds "9"]
[EventCountry "GER"]
[SourceDate "2013.10.20"]
[WhiteTeam "FHSG Stralsund"]
[BlackTeam "SF Ostsee Warnemünde"]
[WhiteTeamCountry "GER"]
[BlackTeamCountry "GER"]

1. Nf3 Nf6 2. d4 g6 3. c4 Bg7 4. Nc3 d5 5. cxd5 Nxd5 6. Qb3 Nxc3 7. bxc3 O-O 8.
e3 c5 9. Be2 Nc6 10. O-O Rb8 11. Rd1 Qa5 12. Bb2 cxd4 13. cxd4 Bf5 14. Bc3 Qc7
15. Rac1 e6 16. d5 (16. Nd2 h5 17. h3 Qe7 18. e4 Bxh3 19. gxh3 Nxd4 20. Bxd4
Bxd4 21. Qg3 $18) 16... exd5 17. Bxg7 Kxg7 18. Rxd5 Qe7 19. Rb5 Rfc8 20. Qb2+
Qf6 21. Qxf6+ Kxf6 22. Kf1 Ne5 23. Rbc5 Nxf3 24. Bxf3 Rxc5 25. Rxc5 Rc8 26. Ra5
Bd3+ 27. Ke1 Ba6 1/2-1/2

[Event "Verbandsliga MVP 2013-14"]
[Site "MVP"]
[Date "2014.01.19"]
[Round "5.3"]
[White "Ruesch, Hans Joachim"]
[Black "Kohn, Andreas"]
[Result "1-0"]
[WhiteElo "1984"]
[BlackElo "1923"]
[PlyCount "55"]
[EventDate "2013.??.??"]
[EventType "team-tourn"]
[EventRounds "9"]
[EventCountry "GER"]
[SourceDate "2013.10.20"]
[WhiteTeam "SF Ostsee Warnemünde"]
[BlackTeam "FHSG Stralsund"]
[WhiteTeamCountry "GER"]
[BlackTeamCountry "GER"]

1. d4 c5 2. d5 e5 3. e4 d6 4. Nc3 g6 5. Nf3 Bg7 6. Be2 Ne7 7. Bg5 Nd7 8. Qd2
Nf6 9. h3 a6 10. a4 O-O 11. g4 Bd7 12. Qe3 Ne8 13. Nd2 f6 14. Bh6 g5 15. Bxg7
Kxg7 16. a5 Ng6 17. Nc4 Nf4 18. Rh2 Nc7 19. Nxd6 Bxg4 20. Nxb7 Qb8 21. hxg4
Qxb7 22. Qxc5 Rf7 23. Na4 Nb5 24. Bxb5 axb5 25. Nb6 Rc7 26. Qd6 Ra7 27. Kd2 Ng6
28. Rh6 1-0

[Event "Verbandsliga MVP 2013-14"]
[Site "MVP"]
[Date "2014.01.19"]
[Round "5.4"]
[White "Kohn, Thomas"]
[Black "Hamann, Dirk"]
[Result "1-0"]
[WhiteElo "1875"]
[BlackElo "1878"]
[PlyCount "85"]
[EventDate "2013.??.??"]
[EventType "team-tourn"]
[EventRounds "9"]
[EventCountry "GER"]
[SourceDate "2013.10.20"]
[WhiteTeam "FHSG Stralsund"]
[BlackTeam "SF Ostsee Warnemünde"]
[WhiteTeamCountry "GER"]
[BlackTeamCountry "GER"]

1. Nf3 d5 2. c4 dxc4 3. e3 Nf6 4. Bxc4 e6 5. Nc3 Bd7 6. O-O Be7 7. d4 O-O 8.
Qe2 c5 9. Rd1 Qc7 10. e4 cxd4 11. Nxd4 e5 12. Ndb5 Qc8 13. Bg5 Nc6 14. Rac1 a6
15. Bxf6 Bxf6 16. Nd6 Qc7 17. Nd5 Qxd6 18. Nxf6+ Qxf6 19. Rxd7 Nd4 20. Qe3 b5
21. Bd5 Rad8 22. Rdc7 Qd6 23. h3 Rd7 24. Rxd7 Qxd7 25. Kh2 Rc8 26. Rxc8+ Qxc8
27. Qa3 Ne6 28. Qd6 g6 29. Qxe5 Qc7 30. Qxc7 Nxc7 31. Kg3 Kf8 32. Kf4 Ke7 33.
Ke5 f6+ 34. Kd4 Kd6 35. f4 a5 36. Bg8 h6 37. e5+ fxe5+ 38. fxe5+ Kc6 39. Bf7 g5
40. g4 Na6 41. Be8+ Kb6 42. e6 Nc5 43. e7 1-0

[Event "Verbandsliga MVP 2013-14"]
[Site "MVP"]
[Date "2014.01.19"]
[Round "5.5"]
[White "Wolke, Heiko"]
[Black "Manke, Karsten"]
[Result "1-0"]
[WhiteElo "1910"]
[BlackElo "1751"]
[PlyCount "71"]
[EventDate "2013.??.??"]
[EventType "team-tourn"]
[EventRounds "9"]
[EventCountry "GER"]
[SourceDate "2013.10.20"]
[WhiteTeam "SF Ostsee Warnemünde"]
[BlackTeam "FHSG Stralsund"]
[WhiteTeamCountry "GER"]
[BlackTeamCountry "GER"]

1. e4 e6 2. d3 d5 3. Nd2 c5 4. Ngf3 Nf6 5. g3 Be7 6. Bg2 Nc6 7. O-O O-O 8. Qe2
Re8 9. h3 Qc7 10. Re1 b6 11. a4 a6 12. Nf1 d4 13. c4 e5 14. Nh4 Na5 15. Qc2 Nc6
16. Nf5 Bxf5 17. exf5 Rad8 18. Nd2 Nb4 19. Qb3 Bd6 20. Ne4 Nxe4 21. Bxe4 Be7
22. Qd1 Bf6 23. Kg2 Qe7 24. h4 Qd7 25. Rh1 b5 26. axb5 axb5 27. b3 bxc4 28.
bxc4 Kh8 29. Ra5 Qc7 30. Qa4 Nxd3 31. Bxd3 e4 32. Re1 Qb7 33. Ra7 exd3+ 34.
Rxb7 Rxe1 35. Bd2 Re2 36. Qa5 1-0

[Event "Verbandsliga MVP 2013-14"]
[Site "MVP"]
[Date "2014.01.19"]
[Round "5.8"]
[White "Glawe, Hartmut"]
[Black "Vladov, Mark"]
[Result "1-0"]
[WhiteElo "1825"]
[BlackElo "1617"]
[PlyCount "51"]
[EventDate "2013.??.??"]
[EventType "team-tourn"]
[EventRounds "9"]
[EventCountry "GER"]
[SourceDate "2013.10.20"]
[WhiteTeam "FHSG Stralsund"]
[BlackTeam "SF Ostsee Warnemünde"]
[WhiteTeamCountry "GER"]
[BlackTeamCountry "GER"]

1. d4 Nf6 2. Nf3 g6 3. c4 Bg7 4. Nc3 O-O 5. e4 d6 6. Be2 Nbd7 7. O-O e5 8. d5
a5 9. Ne1 Nc5 10. f3 Nh5 11. Be3 f5 12. Nd3 Nxd3 13. Bxd3 f4 14. Bf2 g5 15. c5
Nf6 16. g4 fxg3 17. hxg3 Bh3 18. Re1 g4 19. f4 exf4 20. gxf4 Nh5 21. f5 Be5 22.
Bf1 Nf4 23. Ne2 Qg5 24. Qd2 Bxf1 (24... g3 25. Nxg3 Bxf5 26. Re3 Bxe4 27. Rd1
Bxd5 $19) 25. Kxf1 Nxe2 $4 26. Qxg5+ 1-0

[Event "Verbandsliga MVP 2013-14"]
[Site "MVP"]
[Date "2014.01.19"]
[Round "5.1"]
[White "Hagenlueke, Thomas"]
[Black "Ispirjan, Mikael"]
[Result "1/2-1/2"]
[WhiteElo "1897"]
[BlackElo "1952"]
[PlyCount "119"]
[EventDate "2013.??.??"]
[EventType "team-tourn"]
[EventRounds "9"]
[EventCountry "GER"]
[SourceDate "2013.10.20"]
[WhiteTeam "Greifswalder SV II"]
[BlackTeam "SAV Torgelow-Drögeheide 90"]
[WhiteTeamCountry "GER"]
[BlackTeamCountry "GER"]

1. d4 Nf6 2. c4 c5 3. Nf3 e6 4. Nc3 cxd4 5. Nxd4 a6 6. e4 d6 7. Be3 Be7 8. Be2
O-O 9. O-O Nc6 10. a4 Nxd4 11. Bxd4 b6 12. Qb3 Rb8 13. a5 Nd7 14. axb6 Nxb6 15.
Na4 Nd7 16. Qg3 Nf6 17. e5 Ne8 18. Rfd1 Bd7 19. c5 Bxa4 20. Rxa4 dxc5 21. Bxc5
Qc7 22. Bxe7 Qxe7 23. Qa3 Qc7 24. Qc3 Qb6 25. Rxa6 Qxb2 26. Qxb2 Rxb2 27. Bf1
Nc7 28. Ra7 Nd5 29. g3 Rfb8 30. Rda1 g6 31. Ra8 Rxa8 32. Rxa8+ Kg7 33. Ra4 Rb8
34. Re4 Rd8 35. Kg2 Nc3 36. Re3 Rc8 37. Bd3 Nd5 38. Re2 Rd8 39. Be4 Nb6 40. Bc2
Rd5 41. f4 Rd4 42. Kf3 Nd5 43. Re4 Rd2 44. Re2 Rxe2 45. Kxe2 h6 46. Be4 Nb6 47.
Kf3 f6 48. exf6+ Kxf6 49. Bc6 Nc4 50. Bb5 Nd6 51. Bd3 Nb7 52. h4 Nd8 53. g4 g5
54. fxg5+ hxg5 55. hxg5+ Kxg5 56. Bc4 Nc6 57. Bxe6 Nd4+ 58. Ke4 Nxe6 59. Ke5
Kxg4 60. Kxe6 1/2-1/2

[Event "Verbandsliga MVP 2013-14"]
[Site "MVP"]
[Date "2014.01.19"]
[Round "5.2"]
[White "Zentgraf, Robert"]
[Black "Hertel, Johannes"]
[Result "1-0"]
[WhiteElo "2076"]
[BlackElo "1927"]
[PlyCount "75"]
[EventDate "2013.??.??"]
[EventType "team-tourn"]
[EventRounds "9"]
[EventCountry "GER"]
[SourceDate "2013.10.20"]
[WhiteTeam "SAV Torgelow-Drögeheide 90"]
[BlackTeam "Greifswalder SV II"]
[WhiteTeamCountry "GER"]
[BlackTeamCountry "GER"]

1. e4 c5 2. Nc3 g6 3. f4 Nc6 4. Nf3 Bg7 5. Bb5 e6 6. Bxc6 bxc6 7. O-O d5 8. e5
Nh6 9. d3 Nf5 10. Na4 c4 11. d4 Bf8 12. c3 Qa5 13. b4 cxb3 14. axb3 c5 15. Kh1
Ba6 16. Rf2 cxd4 17. Nxd4 Nxd4 18. Qxd4 Qb5 19. b4 Qd3 20. Be3 Qxd4 21. Bxd4
Be7 22. Rfa2 Bc4 23. Ra3 Bd8 24. Nb2 Bb5 25. Rxa7 Rxa7 26. Rxa7 O-O 27. g3 g5
28. Kg2 gxf4 29. gxf4 Bh4 30. Bf2 Bxf2 31. Kxf2 Rc8 32. Ra3 Kg7 33. f5 exf5 34.
Ke3 Kg6 35. Kd4 f4 36. Ra5 f3 37. Rxb5 Rb8 38. Rxb8 1-0

[Event "Verbandsliga MVP 2013-14"]
[Site "MVP"]
[Date "2014.01.19"]
[Round "5.3"]
[White "Schwahn, Christian"]
[Black "Onasch, Paul"]
[Result "1-0"]
[WhiteElo "1947"]
[BlackElo "2000"]
[PlyCount "143"]
[EventDate "2013.??.??"]
[EventType "team-tourn"]
[EventRounds "9"]
[EventCountry "GER"]
[SourceDate "2013.10.20"]
[WhiteTeam "Greifswalder SV II"]
[BlackTeam "SAV Torgelow-Drögeheide 90"]
[WhiteTeamCountry "GER"]
[BlackTeamCountry "GER"]

1. e4 d5 2. exd5 Qxd5 3. Nc3 Qa5 4. d4 c6 5. Nf3 Nf6 6. Bc4 Bf5 7. O-O e6 8.
Re1 Nbd7 9. Bd2 Qc7 10. d5 cxd5 11. Bxd5 Bc5 12. Be4 Bxe4 13. Nxe4 Nxe4 14.
Rxe4 Nf6 15. Bf4 Qb6 16. Re2 Rd8 17. Qf1 O-O 18. c3 Nd5 19. Bg3 Ne7 20. b4 Bd6
21. Ne5 Qc7 22. Re4 Nf5 23. Nc4 Nxg3 24. hxg3 Be7 25. Rc1 Rd7 26. Na5 Rfd8 27.
Nb3 b6 28. Rd4 Bf6 29. Rxd7 Qxd7 30. Qa6 b5 31. c4 bxc4 32. Qxc4 Qa4 33. Rc2 h6
34. Nc5 Rd1+ 35. Kh2 Qc6 36. Qe2 Qd5 37. Ne4 Ba1 38. Rc5 Qd3 39. Rc8+ Kh7 40.
Qxd3 Rxd3 41. Rb8 Ra3 42. f4 f5 43. Nc5 e5 44. Nb3 Bb2 45. fxe5 Bxe5 46. Rb5
Bd6 47. Rxf5 Bxb4 48. Rf2 a5 49. Rc2 a4 50. Nd4 Be1 51. Nf3 Bc3 52. Nd2 Be5 53.
Nf3 Bf6 54. Nd2 Rd3 55. Ne4 Be5 56. Kg1 Re3 57. Rc4 a3 58. Kf2 Rd3 59. Ke2 Rd4
60. Rxd4 Bxd4 61. Kd3 Bb2 62. Nd2 Be5 63. Nc4 Bxg3 64. Nxa3 g5 65. Ke4 Kg6 66.
Nc4 g4 67. a4 h5 68. a5 h4 69. a6 Bb8 70. Ne5+ Bxe5 71. a7 h3 72. gxh3 1-0

[Event "Verbandsliga MVP 2013-14"]
[Site "MVP"]
[Date "2014.01.19"]
[Round "5.4"]
[White "Schmekel, Florian"]
[Black "Nauschuetz, Ernst"]
[Result "1-0"]
[WhiteElo "1778"]
[BlackElo "1893"]
[PlyCount "61"]
[EventDate "2013.??.??"]
[EventType "team-tourn"]
[EventRounds "9"]
[EventCountry "GER"]
[SourceDate "2013.10.20"]
[WhiteTeam "SAV Torgelow-Drögeheide 90"]
[BlackTeam "Greifswalder SV II"]
[WhiteTeamCountry "GER"]
[BlackTeamCountry "GER"]

1. d4 Nf6 2. c4 e6 3. Nf3 Bb4+ 4. Bd2 Qe7 5. g3 b6 6. Bg2 Bb7 7. O-O O-O 8. a3
Bxd2 9. Qxd2 d6 10. Nc3 Nbd7 11. Rad1 Ne4 12. Nxe4 Bxe4 13. Qf4 f5 14. Qh4 Nf6
15. Nd2 Bxg2 16. Kxg2 Rae8 17. Qh3 g6 18. Kg1 e5 19. e3 exd4 20. exd4 Qe2 21.
Qg2 Qd3 22. Nf3 Qxc4 23. Rc1 Qb3 24. Rxc7 Rf7 25. Rxf7 Qxf7 26. Ng5 Qc7 27. Qf3
h6 28. Nh3 Kg7 29. Nf4 Re4 30. Qxe4 Nxe4 31. Ne6+ 1-0

[Event "Verbandsliga MVP 2013-14"]
[Site "MVP"]
[Date "2014.01.19"]
[Round "5.5"]
[White "Sowada, Christoph"]
[Black "Lehmann, Ruben"]
[Result "1-0"]
[WhiteElo "1871"]
[BlackElo "1875"]
[PlyCount "87"]
[EventDate "2013.??.??"]
[EventType "team-tourn"]
[EventRounds "9"]
[EventCountry "GER"]
[SourceDate "2013.10.20"]
[WhiteTeam "Greifswalder SV II"]
[BlackTeam "SAV Torgelow-Drögeheide 90"]
[WhiteTeamCountry "GER"]
[BlackTeamCountry "GER"]

1. e4 c6 2. Ne2 d5 3. e5 Bf5 4. Ng3 Bg6 5. h4 h6 6. h5 Bh7 7. e6 fxe6 8. d4 Qd6
9. f4 Nd7 10. Bd3 Bxd3 11. Qxd3 c5 12. c3 Ngf6 13. Be3 cxd4 14. cxd4 Rc8 15.
O-O g5 16. hxg6 Bg7 17. Nc3 O-O 18. Rae1 Qb4 19. Qe2 Ne8 20. Rd1 Rc4 21. Qg4
Nc7 22. Nxd5 exd5 23. Qxd7 Qxb2 24. Nf5 Rc2 25. Bf2 Qb5 26. Nxe7+ Kh8 27. Qd6
Qb6 28. Qxb6 axb6 29. Rc1 Rc4 30. Rxc4 dxc4 31. d5 Rf6 32. f5 Rd6 33. Kh1 Bf6
34. Bg3 Bxe7 35. Bxd6 Bxd6 36. a4 Kg7 37. Rc1 b5 38. axb5 Nxb5 39. Rxc4 Nc7 40.
g4 Kf6 41. Re4 b5 42. Kg2 b4 43. Re3 Be5 44. Rxe5 1-0

[Event "Verbandsliga MVP 2013-14"]
[Site "MVP"]
[Date "2014.01.19"]
[Round "5.7"]
[White "Motullo, Jens"]
[Black "Ehlers, Michael"]
[Result "0-1"]
[WhiteElo "1605"]
[BlackElo "1882"]
[PlyCount "94"]
[EventDate "2013.??.??"]
[EventType "team-tourn"]
[EventRounds "9"]
[EventCountry "GER"]
[SourceDate "2013.10.20"]
[WhiteTeam "Greifswalder SV II"]
[BlackTeam "SAV Torgelow-Drögeheide 90"]
[WhiteTeamCountry "GER"]
[BlackTeamCountry "GER"]

1. e4 c5 2. b3 e6 3. Bb2 d5 4. exd5 exd5 5. d4 Nf6 6. Nd2 Nc6 7. Qe2+ Be7 8.
dxc5 O-O 9. O-O-O Bf5 10. Qf3 Bg4 11. Qg3 Bxd1 12. Kxd1 Qa5 13. a3 Qxd2+ 14.
Kxd2 Ne4+ 15. Kc1 Nxg3 16. hxg3 Bxc5 17. Bd3 g6 18. f4 Bf2 19. Ne2 d4 20. b4 a6
21. g4 Rfe8 22. Kb1 b5 23. Ka2 Re7 24. Rf1 Be3 25. Ng3 Rae8 26. f5 Ne5 27. fxg6
fxg6 28. Be4 Rf8 29. Bd5+ Kg7 30. Re1 Bf2 31. Re4 Bxg3 32. Bxd4 Rd8 33. c4 bxc4
34. Bxc4 Rxd4 35. Rxd4 Nxc4 36. Rxc4 Re2+ 37. Kb3 Rxg2 38. Rc6 Bf4 39. Rxa6 h5
40. gxh5 gxh5 41. Ra7+ Kg6 42. Ra8 Rg3+ 43. Kc4 h4 44. b5 h3 45. Rh8 Rxa3 46.
b6 h2 47. Kd5 Ra1 0-1

[Event "Verbandsliga MVP 2013-14"]
[Site "MVP"]
[Date "2014.01.19"]
[Round "5.8"]
[White "Massloch, Philipp"]
[Black "Malchau, Jochen"]
[Result "1/2-1/2"]
[WhiteElo "1648"]
[BlackElo "1550"]
[PlyCount "50"]
[EventDate "2013.??.??"]
[EventType "team-tourn"]
[EventRounds "9"]
[EventCountry "GER"]
[SourceDate "2013.10.20"]
[WhiteTeam "SAV Torgelow-Drögeheide 90"]
[BlackTeam "Greifswalder SV II"]
[WhiteTeamCountry "GER"]
[BlackTeamCountry "GER"]

1. e4 e5 2. Nf3 Nf6 3. Nxe5 d6 4. Nf3 Nxe4 5. d4 d5 6. Bd3 Be7 7. O-O O-O 8.
Bf4 Bg4 9. h3 Bh5 10. Nbd2 Nxd2 11. Bxd2 Bg6 12. Bxg6 hxg6 13. Ne5 Nd7 14. Qg4
Nf6 15. Qe2 Ne4 16. Bf4 c6 17. Rfe1 Bd6 18. f3 Nf6 19. Qd3 Qc7 20. Kh1 Nd7 21.
Nxd7 Qxd7 22. Bxd6 Qxd6 23. Re2 Rfe8 24. Rae1 Qd7 25. Qb3 b6 1/2-1/2

[Event "Verbandsliga MVP 2013-14"]
[Site "MVP"]
[Date "2014.01.19"]
[Round "5.1"]
[White "Schinke, Andreas"]
[Black "Schwetlick, Thomas"]
[Result "1-0"]
[WhiteElo "2061"]
[BlackElo "1846"]
[PlyCount "81"]
[EventDate "2013.??.??"]
[EventType "team-tourn"]
[EventRounds "9"]
[EventCountry "GER"]
[SourceDate "2013.10.20"]
[WhiteTeam "SV Blau-Weiß Grevesmühlen"]
[BlackTeam "HSG Uni Rostock"]
[WhiteTeamCountry "GER"]
[BlackTeamCountry "GER"]

1. Nf3 Nf6 2. c4 g6 3. Nc3 Bg7 4. g3 O-O 5. Bg2 c6 6. e4 d6 7. d4 Nbd7 8. O-O
e5 9. h3 Qb6 10. d5 cxd5 11. cxd5 Re8 12. Qe2 Nf8 13. Be3 Qd8 14. Rfc1 Bd7 15.
Nd2 Qe7 16. a4 Rec8 17. a5 Ne8 18. b4 f5 19. Nb5 f4 20. Rxc8 Rxc8 21. Bxa7 fxg3
22. Na3 Qh4 23. fxg3 Qxg3 24. Qe3 Qh4 25. Qf2 Qf4 26. Be3 Qf6 27. Ndc4 Qxf2+
28. Kxf2 Bf6 29. Rc1 Kf7 30. b5 Ra8 31. Bf1 Bh4+ 32. Kf3 Bd8 33. a6 bxa6 34.
bxa6 Bc8 35. a7 Nd7 36. Nb5 Be7 37. Nb6 Nxb6 38. Bxb6 Bd7 39. Nc7 Nxc7 40. Rxc7
Ke8 41. Rb7 1-0

[Event "Verbandsliga MVP 2013-14"]
[Site "MVP"]
[Date "2014.01.19"]
[Round "5.2"]
[White "Moeller, Peter"]
[Black "Boehme, Andy"]
[Result "1/2-1/2"]
[WhiteElo "1965"]
[BlackElo "1995"]
[PlyCount "76"]
[EventDate "2013.??.??"]
[EventType "team-tourn"]
[EventRounds "9"]
[EventCountry "GER"]
[SourceDate "2013.10.20"]
[WhiteTeam "HSG Uni Rostock"]
[BlackTeam "SV Blau-Weiß Grevesmühlen"]
[WhiteTeamCountry "GER"]
[BlackTeamCountry "GER"]

1. g3 g6 2. Bg2 Bg7 3. e4 c6 4. d3 h5 5. Nc3 d6 6. h3 Na6 7. Nge2 Bd7 8. Be3
Nc7 9. Qd2 b5 10. d4 Qc8 11. a3 a5 12. f4 Nh6 13. Nd1 d5 14. e5 Nf5 15. Bf2 e6
16. Ne3 Bf8 17. g4 Nxe3 18. Qxe3 Qb7 19. gxh5 Rxh5 20. Bf3 Rh8 21. h4 b4 22. a4
c5 23. h5 cxd4 24. Qd3 Qa6 25. hxg6 Rxh1+ 26. Bxh1 Qxd3 27. gxf7+ Kxf7 28. cxd3
Na6 29. Bxd4 Bc5 30. b3 Rh8 31. Kd2 Rh2 32. Bb2 Bf8 33. Bd4 Bh6 34. Ke3 Nb8 35.
Bf3 Nc6 36. Rh1 Rxh1 37. Bxh1 Kg6 38. Bb6 Nxe5 1/2-1/2

[Event "Verbandsliga MVP 2013-14"]
[Site "MVP"]
[Date "2014.01.19"]
[Round "5.3"]
[White "Kross, Gunnar"]
[Black "Hammel, Ralf"]
[Result "1/2-1/2"]
[WhiteElo "1972"]
[BlackElo "1967"]
[PlyCount "24"]
[EventDate "2013.??.??"]
[EventType "team-tourn"]
[EventRounds "9"]
[EventCountry "GER"]
[SourceDate "2013.10.20"]
[WhiteTeam "SV Blau-Weiß Grevesmühlen"]
[BlackTeam "HSG Uni Rostock"]
[WhiteTeamCountry "GER"]
[BlackTeamCountry "GER"]

1. d4 Nf6 2. Nf3 e6 3. e3 d5 4. Bd3 c5 5. c3 Nc6 6. O-O Qc7 7. Nbd2 Be7 8. e4
cxd4 9. cxd4 Nb4 10. Bb1 dxe4 11. Nxe4 Bd7 12. Ne5 Nbd5 1/2-1/2

[Event "Verbandsliga MVP 2013-14"]
[Site "MVP"]
[Date "2014.01.19"]
[Round "5.4"]
[White "Kutschke, Peter"]
[Black "Naujok, Joerg"]
[Result "0-1"]
[WhiteElo "1932"]
[BlackElo "1931"]
[PlyCount "52"]
[EventDate "2013.??.??"]
[EventType "team-tourn"]
[EventRounds "9"]
[EventCountry "GER"]
[SourceDate "2013.10.20"]
[WhiteTeam "HSG Uni Rostock"]
[BlackTeam "SV Blau-Weiß Grevesmühlen"]
[WhiteTeamCountry "GER"]
[BlackTeamCountry "GER"]

1. e4 d6 2. c4 g6 3. Nc3 Bg7 4. Nge2 c5 5. d4 b6 6. Be3 Nc6 7. Rc1 Bb7 8. f3 e6
9. Qd2 Nge7 10. b3 O-O 11. h4 cxd4 12. Nxd4 Nxd4 13. Bxd4 Bxd4 14. Qxd4 d5 15.
Rd1 dxe4 16. Qe5 Nc6 17. Qxe4 Qe7 18. h5 Rad8 19. Be2 Nb4 20. Qb1 Qg5 21. Kf2
Qc5+ 22. Kf1 Qe3 23. Rxd8 Rxd8 24. Nd1 Qd2 25. hxg6 fxg6 26. Kf2 Nd3+ 0-1

[Event "Verbandsliga MVP 2013-14"]
[Site "MVP"]
[Date "2014.01.19"]
[Round "5.5"]
[White "Stiegler, Maik"]
[Black "Giese, Guido"]
[Result "1/2-1/2"]
[WhiteElo "1897"]
[BlackElo "1899"]
[PlyCount "49"]
[EventDate "2013.??.??"]
[EventType "team-tourn"]
[EventRounds "9"]
[EventCountry "GER"]
[SourceDate "2013.10.20"]
[WhiteTeam "SV Blau-Weiß Grevesmühlen"]
[BlackTeam "HSG Uni Rostock"]
[WhiteTeamCountry "GER"]
[BlackTeamCountry "GER"]

1. d4 Nf6 2. c4 g6 3. Nc3 Bg7 4. Nf3 d6 5. e4 O-O 6. Be2 Na6 7. O-O e5 8. dxe5
dxe5 9. Bg5 Qxd1 10. Raxd1 c6 11. Rd6 Be6 12. Rfd1 h6 13. Bh4 Nh5 14. Ne1 Nf4
15. b3 g5 16. Bg3 Bf6 17. Nc2 Rfd8 18. Bf3 Rxd6 19. Rxd6 Be7 20. Rd2 Rd8 21.
Rxd8+ Bxd8 22. Ne3 Ba5 23. Nb1 Nc5 24. h4 Kg7 25. hxg5 1/2-1/2

[Event "Verbandsliga MVP 2013-14"]
[Site "MVP"]
[Date "2014.01.19"]
[Round "5.6"]
[White "Sager, Bernd"]
[Black "Gareis, Roberto"]
[Result "1/2-1/2"]
[WhiteElo "1734"]
[BlackElo "1869"]
[PlyCount "43"]
[EventDate "2013.??.??"]
[EventType "team-tourn"]
[EventRounds "9"]
[EventCountry "GER"]
[SourceDate "2013.10.20"]
[WhiteTeam "HSG Uni Rostock"]
[BlackTeam "SV Blau-Weiß Grevesmühlen"]
[WhiteTeamCountry "GER"]
[BlackTeamCountry "GER"]

1. d4 d5 2. c4 e6 3. Nc3 Nf6 4. Bg5 Be7 5. e3 Nbd7 6. Nf3 O-O 7. Rc1 a6 8. Bd3
dxc4 9. Bxc4 b5 10. Bd3 c5 11. O-O Bb7 12. Qe2 cxd4 13. exd4 Nb6 14. Rfd1 Rc8
15. a3 Nbd5 16. Ne4 Qb6 17. b4 Nxe4 18. Qxe4 Nf6 19. Qe2 Rxc1 20. Bxc1 Rc8 21.
Be3 Nd5 22. Rc1 1/2-1/2

[Event "Verbandsliga MVP 2013-14"]
[Site "MVP"]
[Date "2014.01.19"]
[Round "5.7"]
[White "Wulff, Jens Peter"]
[Black "Schroeder, Christian"]
[Result "0-1"]
[WhiteElo "1715"]
[BlackElo "1879"]
[PlyCount "76"]
[EventDate "2013.??.??"]
[EventType "team-tourn"]
[EventRounds "9"]
[EventCountry "GER"]
[SourceDate "2013.10.20"]
[WhiteTeam "SV Blau-Weiß Grevesmühlen"]
[BlackTeam "HSG Uni Rostock"]
[WhiteTeamCountry "GER"]
[BlackTeamCountry "GER"]

1. d4 Nf6 2. Nf3 e6 3. Bf4 Bb4+ 4. c3 Be7 5. Nbd2 d5 6. e3 O-O 7. Bd3 b6 8. Ne5
Bb7 9. Qc2 c5 10. g4 c4 11. Be2 Nbd7 12. Bf3 Nxe5 13. dxe5 Nd7 14. Nxc4 Nc5 15.
O-O-O b5 16. Nd6 b4 17. Nxb7 Nxb7 18. e4 bxc3 19. exd5 cxb2+ 20. Kb1 Rc8 21.
dxe6 Rxc2 22. exf7+ Rxf7 23. Rxd8+ Nxd8 24. Bd5 Rxf2 25. Be3 Re2 26. Bxa7 Rxe5
27. Bxf7+ Kxf7 28. Rf1+ Kg6 29. Bd4 Rb5 30. Rf2 Bf6 31. Bxf6 gxf6 32. h4 Nc6
33. a4 Rb4 34. h5+ Kg7 35. Rc2 Ne5 36. Rc7+ Kh6 37. a5 Ra4 38. Kxb2 Rxa5 0-1

[Event "Verbandsliga MVP 2013-14"]
[Site "MVP"]
[Date "2014.01.19"]
[Round "5.8"]
[White "Hantel, Thomas"]
[Black "Streit, Bodo"]
[Result "1-0"]
[WhiteElo "1661"]
[BlackElo "1773"]
[PlyCount "85"]
[EventDate "2013.??.??"]
[EventType "team-tourn"]
[EventRounds "9"]
[EventCountry "GER"]
[SourceDate "2013.10.20"]
[WhiteTeam "HSG Uni Rostock"]
[BlackTeam "SV Blau-Weiß Grevesmühlen"]
[WhiteTeamCountry "GER"]
[BlackTeamCountry "GER"]

1. d4 d5 2. c4 e6 3. Nc3 Nf6 4. Nf3 Be7 5. e3 Nbd7 6. Bd3 h6 7. O-O O-O 8. a3
c5 9. b3 b6 10. Qc2 Bb7 11. cxd5 Nxd5 12. Nxd5 Bxd5 13. Be4 Nf6 14. Bxd5 Qxd5
15. dxc5 Bxc5 16. Rd1 Qh5 17. b4 Be7 18. Bb2 Rac8 19. Qa4 Rc7 20. Be5 Rb7 21.
Qc6 Rfb8 22. Bxb8 Rxb8 23. Qc7 Re8 24. Qxa7 b5 25. Qb7 Ng4 26. h3 Ne5 27. Nxe5
Qxe5 28. Qf3 Rc8 29. Qf4 Qb2 30. Qd4 Rc3 31. Rdb1 Qc2 32. Qd1 Qe4 33. Qd4 Qc6
34. Qd1 Qe4 35. Rc1 Rd3 36. Qf3 Qe5 37. Qa8+ Kh7 38. Qc6 Bf6 39. Qc2 Qf5 40.
Ra2 g6 41. Rd1 Rxd1+ 42. Qxd1 Kg7 43. Rc2 1-0

[Event "Verbandsliga MVP 2013-14"]
[Site "MVP"]
[Date "2014.01.19"]
[Round "5.1"]
[White "Engel, Gunnar"]
[Black "Hanisch, Sebastian"]
[Result "0-1"]
[WhiteElo "2040"]
[BlackElo "2045"]
[PlyCount "78"]
[EventDate "2013.??.??"]
[EventType "team-tourn"]
[EventRounds "9"]
[EventCountry "GER"]
[SourceDate "2013.10.20"]
[WhiteTeam "SSC Rostock 07 II"]
[BlackTeam "SF Schwerin III"]
[WhiteTeamCountry "GER"]
[BlackTeamCountry "GER"]

1. Nf3 d5 2. g3 g6 3. Bg2 Bg7 4. O-O Nf6 5. d4 O-O 6. c4 c6 7. cxd5 cxd5 8. Nc3
Nc6 9. Ne5 e6 10. Nxc6 bxc6 11. Bf4 Nh5 12. Rc1 Nxf4 13. gxf4 Qb6 14. e3 Qxb2
15. Qa4 Bd7 16. Rc2 Qb7 17. Rb1 Qc7 18. Qa3 Rfb8 19. Bf1 Bf8 20. Qc1 Qa5 21.
Rcb2 Rb6 22. Rxb6 axb6 23. a4 Bb4 24. Na2 Bd6 25. Nc3 Rc8 26. Qb2 Rb8 27. Be2
Bc8 28. Bd3 Ba6 29. Qc2 Bxd3 30. Qxd3 Ra8 31. Rb3 Qa6 32. Qb1 Bc7 33. Qb2 h5
34. Rb4 h4 35. Kg2 Qd3 36. Rb3 Qf5 37. Qe2 h3+ 38. Kg1 Kg7 39. f3 Rg8 {ZÜ} 0-1